LEADER 01582nam a2200349 a 4500 001 000000137641 003 CaOOAMICUS 005 20231103143745.0 008 140310s2013 it u000 u ita r 020 $a978-88-7710-987-3 032 $aLibriCat 040 $aPUL$bita 041 1 $aita$hrus 082 04$a184 100 1 $aFlorenskij, Pavel Aleksandrovi?,$d1882-1937.$0(OLS)http://pul/name/12952 240 10$aObsceceloveceskie korni idealizma.$lItaliano.$0(OLS)http://pul/title/174259 245 10$aRealtą e mistero :$ble radici universali dell'idealismo e la filosofia del nome /$cPavel A. Florenskij ; a cura di Natalino Valentini ; traduzione di Claudia Zonghetti. 260 $aMilano :$bSE,$c©2013. 300 $a111 p. ;$c20 cm 490 1 $aPiccola enciclopedia ;$v221 650 4$aPlatonismo.$0(OLS)http://pul/subject/18759 700 1 $aValentini, Natalino,$d1960-$0(OLS)http://pul/name/28421 700 1 $aZonghetti, Claudia.$0(OLS)http://pul/name/81106 830 0$aPiccola enciclopedia ;$v221.$0(OLS)http://pul/title/107143 850 $aPUL 852 $aPUL$W1$xSL Filosofia 3$y81$m184 FLOPA 1$j158660$qDDC 21$B158186$CPULBib$Z2$F158186 $H123648 $82 941 1 $a9 996 $6020$a978-88-7710-987-3$9(OLS)http://pul/number/154703 996 $6082$a184$9(OLS)http://pul/classification/184 996 $6245$aRealtą e mistero :$ble radici universali dell'idealismo e la filosofia del nome$9(OLS)http://pul/title/174260 996 $6260$aMilano :$bSE$9(OLS)http://pul/publisher/76149 LEADER 01285nam a2200277 a 4500 001 000000166433 003 CaOOAMICUS 005 20180306115700.0 006 a 000 u 008 180306s2017 it frm z000 u ita r 032 $aLibriCat 040 $aPUL$bita 100 1 $aRotasperti, Sergio.$0(OLS)http://pul/name/96191 245 11$a"Sorgente di vita č la bocca del giusto" :$bl'arte della metafora nel Libro dei Proverbi /$cSergio Rotasperti. 260 $aRoma :$bPontificia Universitą Gregoriana,$c2017. 300 $a119 p. ;$c24 cm 502 $aEstratto da Tesi -- Pontificia Universitą Gregoriana. Facoltą di teologia, 2017. 504 $aBibliografia: p.[85]-110. 630 04$aBiblia.$pV.T.$pProverbia$xCommenti.$0(OLS)http://pul/subject/634 710 2 $aPontificia Universitą Gregoriana.$bFacoltą di teologia.$kTesi.$0(OLS)http://pul/name/81592 850 $aPUL 852 $aPUL$W1$xDP1 Tesi Pon. Univ. Gregoriana$y40$m2017 B 29$j190991$qTesi$B193866$CPULBib$Z2$F193866 $81 941 1 $a16 996 $6245$a"Sorgente di vita č la bocca del giusto" :$bl'arte della metafora nel Libro dei Proverbi$9(OLS)http://pul/title/190366 996 $6260$aRoma :$bPontificia Universitą Gregoriana$9(OLS)http://pul/publisher/47853